000 00501pab a2200145 454500
008 180718b2002 xxu||||| |||| 00| 0 eng d
100 _aAikins, Ama-de-Graft
245 _aExploring biomedical and ethnomedical representations of diabetes in Ghana and the scope for cross-professional collaboration: a social psychological approach to health policy
260 _c2002
300 _ap.6225-52.
362 _aDec
650 _aHealth services
773 _aSocial Science Information
909 _a55261
999 _c55261
_d55261